Nie všetko je prezradené história divadelnej Myjavy

Bibliographic Details
Main Author: Čavojský, Ladislav, 1932-2014 (Author)
Format: Article
Language:Slovak
PhysicalDescription:Obr.
ISSN:0323-2883
Subjects:

MARC

LEADER 00000nab a2200000 a 4500
001 vtls000703604
003 SK-MaSNL
005 20260304143152.0
008 250505c1999 xo 0 slo
015 |a SNBRB1999/10-23425 
035 |a CLN000055771 
035 |a urn:nbn:sk:snk-abdq6g 
035 |a (urnnbn)urn:nbn:sk:snk:ar-001fw2 
035 |a (uuid)42f36bcb-f17a-46d7-a4cf-cdd27edef5cf 
040 |a SNKBUCL  |b slo  |c SNKBUCL  |e AACR2 
041 0 |a slo 
044 |a xo  |c SK 
080 |a 792.077(437.6)(091)(048)  |2 1997 
100 1 |a Čavojský, Ladislav,  |d 1932-2014  |4 aut  |9 101804 
245 1 0 |a Nie všetko je prezradené  |b história divadelnej Myjavy  |c Ladislav Čavojský 
300 |b Obr. 
648 7 |a 1841-1998  |2 snkbucl  |9 292731 
650 0 7 |a ochotnícke divadlo  |2 snkbucl  |9 3349 
650 0 7 |a dejiny divadla  |2 snkbucl  |9 83390 
650 0 7 |a monografie  |2 snkbucl  |9 256509 
651 7 |a Myjava (Slovensko)  |2 snkbucl  |9 39468 
655 7 |a recenzie  |2 snkbucl  |9 21907 
655 7 |a články z novín a časopisov  |2 snkbucl  |9 267496 
773 0 |t Javisko  |g Roč. 31, č. 9 (1999), s. 36-37  |x 0323-2883 
787 0 8 |i Rec.:  |a Sládeček, Ján  |t Dejiny myjavského divadla 1841-1998  |d Bratislava : Národné divadelné centrum, 1998  |z 8085455919 
850 |a Slovenská národná knižnica 
852 |a Slovenská národná knižnica 
954 |a odborná, vedecká literatúra pôvodná (slovenská)  |2 lita 
958 |a article19 
958 |a OND 
958 |a SK 
958 |a EUIPO 
992 |a RBX 
999 |c 2924521  |d 2926451